| 000 | 00737nam a2200205Ia 4500 | ||
|---|---|---|---|
| 001 | 11526 | ||
| 003 | GE_BSU | ||
| 008 | 181216s||||||||xx |||||||||||||| ||und|| | ||
| 040 | _cGE_BSU | ||
| 080 | _a631.527+631.53.02 | ||
| 100 | _aმამფორია,ფ.დ. | ||
| 245 | _aსელექცია–მეთესლეობის თეორიული საფუძვლები. | ||
| 245 | _cრედ:ე.თოფურიძე. | ||
| 260 | _aთბილისი. | ||
| 260 | _bსახელგამი. | ||
| 260 | _c1949. | ||
| 300 | _a350გვ;23სმ. | ||
| 653 | _aსელექცია–მეთესლეობის თეორიული საფუძვლები. | ||
| 942 | _cBK | ||
| 999 |
_c44721 _d44721 |
||